000 00787nam a2200241Ia 4500
003 OSt
005 20220925223505.0
006 a|||||r|||| 00| 0
007 ta
008 220923b |||||||| |||| 00| 0 eng d
020 _a0415352010
_c4758.4799999999996
037 _b1594, 22/12/2006, The Bookseller
_cGeneral Book
040 _aRTL
_cRTL
_beng
041 _2eng
_aeng
082 _aY9(NW5):1.4, P6
100 _aPang Laikwan
_9148480
245 0 _aCultural control and globalization in Asia
_b Copyright, piracy, and cinema.
260 _aLondon
_bRoutledge
_c2006
300 _aix,143p.
_ccm.
500 _aBibliography P 121-34
942 _hY9(NW5):1.4, P6
_cGB
_2CC
999 _c579715
_d579715